Capitals of Asia by Clicking - Statistics

General Stats
  • This quiz has been taken 127 times
  • The average score is 36 of 48
Answer Stats
Hint Answer % Correct
China Beijing
99%
Japan Tokyo
99%
Singapore Singapore
96%
North Korea Pyongyang
94%
South Korea Seoul
94%
Taiwan Taipei
94%
Thailand Bangkok
93%
Philippines Manila
93%
India New Delhi
90%
Israel Jerusalem
87%
Turkey Ankara
86%
Indonesia Jakarta
86%
Malaysia Kuala Lumpur
86%
Kuwait Kuwait City
86%
Saudi Arabia Riyadh
86%
United Arab Emirates Abu Dhabi
85%
Vietnam Hanoi
85%
Lebanon Beirut
83%
Cyprus Nicosia
82%
Sri Lanka Sri Jayawardenepura Kotte
82%
Cambodia Phnom Penh
80%
Afghanistan Kabul
79%
Iran Tehran
79%
Mongolia Ulaanbaatar
79%
Syria Damascus
77%
Nepal Kathmandu
77%
Iraq Baghdad
76%
Qatar Doha
76%
Pakistan Islamabad
76%
Georgia Tbilisi
72%
Bangladesh Dhaka
70%
Laos Vientaine
70%
Brunei Bandar Seri Begawan
65%
Maldives Malé
63%
Jordan Amman
62%
Oman Muscat
62%
Azerbaijan Baku
61%
East Timor Dili
59%
Armenia Yerevan
56%
Kazakhstan Astana
55%
Yemen Sana'a
55%
Uzbekistan Tashkent
51%
Bhutan Thimphu
51%
Myanmar Naypyidaw
49%
Kyrgyzstan Bishkek
48%
Bahrain Manama
42%
Tajikistan Dushanbe
39%
Turkmenistan Ashgabat
37%
No matching quizzes found
Score Distribution
Percent of People with Each Score
Percentile by Number Answered
Your Score History
You have not taken this quiz